000
00311nam a22001337a 4500
999
_c
8151
_d
8151
003
OSt
005
20200805144439.0
008
200805b ||||| |||| 00| 0 eng d
082
_a
720.722
100
_a
Arnold, Dana
245
_a
Reading architectural history
260
_a
London
_b
Routledge
_c
2017
942
_2
ddc